000 01116nam a22003857a 4500
001 BR2023002303
003 BR-BrBNA
005 20240105095003.0
008 240105b bl.||||| |||| 00| 0 por d
040 _aBR-BrBNA
_bpor
041 _apor
072 _aE14 ; M11 ; P01
090 _aE14 BR2023002303
100 _aAlves, Sandra Luiz (ed.)
100 _aThizen, Thelma Pessoa (ed.)
100 _aTorres, Rodrigo Diniz (ed.)
110 1 _99129
_aSecretaria Especial de Aquicultura e Pesca da Presidência da República, Brasília, DF (Brasil)
245 _aSecretaria Especial de Aquicultura e Pesca: projeto político
260 _aBrasília, DF (Brasil)
_c2003
300 _a24 p.
500 _a11 tables
650 _aAQUICULTURA
650 _aPESCA
650 _aPRODUÇÃO PESQUEIRA
650 _aRECURSO PESQUEIRO
650 _aPESCADOR
650 _aCOMUNIDADE PESQUEIRA
650 _aSUSTENTABILIDADE
650 _aPESQUISA
650 _aTECNOLOGIA
650 _aPROJETO PESQUEIRO
650 _aPROJETO DE DESENVOLVIMENTO
909 _a202401
_bFernando
942 _cBK
999 _c260194
_d260194